|
|
|
|
| LEADER |
02376nam a22003733i 4500 |
| 001 |
EBC6983899 |
| 003 |
MiAaPQ |
| 005 |
20231204023224.0 |
| 006 |
m o d | |
| 007 |
cr cnu|||||||| |
| 008 |
231204s2019 xx o ||||0 eng d |
| 020 |
|
|
|a 9780520973749
|q (electronic bk.)
|
| 020 |
|
|
|z 9780520307056
|
| 035 |
|
|
|a (MiAaPQ)EBC6983899
|
| 035 |
|
|
|a (Au-PeEL)EBL6983899
|
| 035 |
|
|
|a (OCoLC)1129150812
|
| 040 |
|
|
|a MiAaPQ
|b eng
|e rda
|e pn
|c MiAaPQ
|d MiAaPQ
|
| 082 |
0 |
|
|a 294.509034
|
| 100 |
1 |
|
|a Weiss, Richard S.
|
| 245 |
1 |
4 |
|a The Emergence of Modern Hinduism :
|b Religion on the Margins of Colonialism.
|
| 250 |
|
|
|a 1st ed.
|
| 264 |
|
1 |
|a Berkeley :
|b University of California Press,
|c 2019.
|
| 264 |
|
4 |
|c Ã2019.
|
| 300 |
|
|
|a 1 online resource (216 pages)
|
| 336 |
|
|
|a text
|b txt
|2 rdacontent
|
| 337 |
|
|
|a computer
|b c
|2 rdamedia
|
| 338 |
|
|
|a online resource
|b cr
|2 rdacarrier
|
| 520 |
|
|
|a A free open access ebook is available upon publication. Learn more atwww.luminosoa.org. The Emergence of Modern Hinduism argues for the importance of regional, vernacular innovation in processes of Hindu modernization. Scholars usually trace the emergence of modern Hinduism to cosmopolitan reform movements, producing accounts that overemphasize the centrality of elite religion and the influence of Western ideas and models. In this study, the author considers religious change on the margins of colonialism by looking at an important local figure, the Tamil Shaiva poet and mystic Ramalinga Swami (1823-1874). Weiss narrates a history of Hindu modernization that demonstrates the transformative role of Hindu ideas, models, and institutions, making this text essential for scholarly audiences of South Asian history, religious studies, Hindu studies, and South Asian studies.
|
| 588 |
|
|
|a Description based on publisher supplied metadata and other sources.
|
| 590 |
|
|
|a Electronic reproduction. Ann Arbor, Michigan : ProQuest Ebook Central, 2023. Available via World Wide Web. Access may be limited to ProQuest Ebook Central affiliated libraries.
|
| 655 |
|
4 |
|a Electronic books.
|
| 776 |
0 |
8 |
|i Print version:
|a Weiss, Richard S.
|t The Emergence of Modern Hinduism
|d Berkeley : University of California Press,c2019
|z 9780520307056
|
| 797 |
2 |
|
|a ProQuest (Firm)
|
| 856 |
4 |
0 |
|u https://ebookcentral.proquest.com/lib/matrademy/detail.action?docID=6983899
|z Click to View
|